Η κοινωνική ευπάθεια : έρευνα σε 2 πληθυσμιακές ομάδες στο δήμο Λέσβου : [μεταπτυχιακή εργασία]

Αποθηκεύτηκε σε:
Λεπτομέρειες βιβλιογραφικής εγγραφής
Κύριος συγγραφέας: Κουτλή, Βικτώρια
Συγγραφή απο Οργανισμό/Αρχή: Πανεπιστήμιο Αιγαίου Σχολή Κοινωνικών Επιστημών Τμήμα Κοινωνιολογίας Μεταπτυχιακό Πρόγραμμα Σπουδών Πόλη και Περιβάλλον: Εφαρμοσμένη και Κλινική Κοινωνιολογία
Άλλοι συγγραφείς: Χτούρης, Σωτήρης Ν. (Εισηγητής διατριβής)
Μορφή: Thesis Βιβλίο
Γλώσσα:Greek
Δημοσίευση: 2012
Θέματα:
Διαθέσιμο Online:http://hdl.handle.net/11610/11795
Ετικέτες: Προσθήκη ετικέτας
Δεν υπάρχουν, Καταχωρήστε ετικέτα πρώτοι!

MARC

LEADER 00000cam a2200000 i 4500
001 1/35552
008 130826s2012 gre d
035 |l 10115477 
040 |a GR-MY-UA  |b gre  |e aacr 
041 0 |a gre 
082 0 |a 304.8  |2 (22) 
100 1 |a Κουτλή, Βικτώρια. 
245 1 2 |a Η κοινωνική ευπάθεια :  |b έρευνα σε 2 πληθυσμιακές ομάδες στο δήμο Λέσβου : [μεταπτυχιακή εργασία] /  |c Κουτλή Βικτώρια ; επιβλέπων καθηγητής: Χτούρης Σ. 
246 3 3 |a Οικονομικοί μετανάστες, αγορά εργασίας και ο ρόλος των κοινωνικών δικτύων 
260 |c 2012 
300 |a 249 σ.;  |c 30 εκ. 
500 |a Βιβλιογραφία: σ. 144-153, παράρτημα 
502 |a Διατριβή (μεταπτυχιακή) – Πανεπιστήμιο Αιγαίου, Λέσβος, 2012. 
650 0 0 |a Immigrants  |z Greece  |z Lesbos (Municipality) 
650 0 0 |a Labor market  |z Greece  |z Lesbos (Municipality) 
650 0 |a Migrant labor  |z Greece  |z Lesbos (Municipality) 
650 0 |a Alien labor  |z Greece  |z Lesbos (Municipality) 
650 0 0 |a Dissertations, Academic  |z Greece. 
700 1 |a Χτούρης, Σωτήρης Ν.  |4 ths 
710 2 |a Πανεπιστήμιο Αιγαίου  |b Σχολή Κοινωνικών Επιστημών  |b Τμήμα Κοινωνιολογίας  |b Μεταπτυχιακό Πρόγραμμα Σπουδών Πόλη και Περιβάλλον: Εφαρμοσμένη και Κλινική Κοινωνιολογία. 
852 |a INST  |b LESVOS  |c DIATR  |e 20130826  |h 10  |p 005100052947  |q 005100052947  |t MTXE  |y 23 
852 |a INST  |b LESVOS  |c DIATR  |e 20130826  |h 9  |p 005100052946  |q 005100052946  |t MTXE  |y 23 
856 |u http://hdl.handle.net/11610/11795 
901 |a BIBL1-2013-2 
909 |a Λ  |b 182079 
909 |a Λ  |b 182080 
924 |a ΚΟΥΤΛΗ  |b ΒΙΚΤΩΡΙΑ  |y ΛΕΣΒΟΣ  |z 2012-04 
970 |a ΤΖΑΦΕΡΗ  |b ΕΥΑΓΓΕΛΙΑ  |z 2013/09/01